00640cam a22002178a 450000100090000000300040000900500170001300800410003001000170007102000250008804000100011305000230012308200140014624500720016024600270023225000130025926000440027230000490031665000270036570000300039216503757OSt20150408114013.0101015s2011 nyua 000 0 eng  a 2010044452 a9781408234303 (pbk.) aMa-Un00aQH302.5b.H45 201100a570.322200aHenderson's dictionary of biology /c[edited by] Eleanor Lawrence..30aDictionary of biology. a15th ed. aNew York :bBenjamin Cummings,cc 2011. axii, 758 p. :bill. (chiefly col.) ;c20 cm. 0aBiologyvDictionaries.1 aLawrence, Eleanor,d1949-